Piosenki - Quebonafide - Statystyki

Ogólne statystyki
  • Ten quiz został rozwiązany 35 razy
  • Średni wynik to 25 z 108
Statystyki odpowiedzi
Rok Piosenka % Poprawnych
2020 BUBBLETEA
70%
2017 Candy
67%
2016 Madagaskar
67%
2017 Half dead
55%
2018 Tamagotchi
55%
2018 8 kobiet
52%
2020 TOKYO2020
52%
2020 JESIEŃ
48%
2020 ROMANTICPSYCHO
48%
2017 Zorza
48%
2016 Quebahombre
45%
2018 Art-B
42%
2016 Hype
42%
2021 Benz-Dealer
39%
2017 C'est la vie
39%
2020 NIEPŁACZĘPONOTREDAME
39%
2018 Visa
39%
2017 Bogini
36%
2018 Kryptowaluty
36%
2017 MIędzy słowami
36%
2021 Papuga
36%
2020 SZUBIENICAPESTYCYDYBROŃ
36%
2016 Trip
36%
2020 ASPARTAM
33%
2016 Bollywood
33%
2020 GAZPROM
33%
2017 Kawa i Xanax
33%
2018 Nóż
33%
2017 Odyseusz
33%
2016 Szejk
33%
2017 Arabska noc
30%
2018 Ekodiesel
30%
2016 Luis Nazario de Lima
30%
2018 Mleko & miód
30%
2020 TEEN KASIA
30%
2020 TĘSKNIEZASTARYMKANYE
30%
2017 Hypebae
27%
2018 Intro
27%
2018 Metallica 808
27%
2018 Soma
27%
2020 ŚWIATTOMÓJPLACZABAW
27%
2017 To nie jest hip-hop
27%
2013 Avengers
24%
2017 Bumerang
24%
2018 C3PO
24%
2020 MATCHA LATTE
24%
2015 Oh My Buddha
24%
2018 Outro
24%
2018 Wiem
24%
2017 Znaki zapytania
24%
2016 Ciernie
21%
2017 Pablo
21%
2020 PRZYTOBIE
21%
2018 Sectumsempra
21%
2016 Żadnych zmartwień
21%
2020 ZŁOTEGLOBY
21%
2020 AJETLAGTOMÓJNOWYDRAG
18%
2017 Changa
18%
2020 ŁAJZA
18%
2013 Manekin
18%
2018 PIN
18%
2013 Codzienność
15%
2020 COJESTMAŁPY
15%
2020 CZŁOWIEKZKSIĘŻYCA
15%
2018 Giro d'Italia
15%
2016 Ile mogłem
15%
2018 Leonardo
15%
2017 Love
15%
2018 Moje demony uciekły na urlop
15%
2017 Pieskie życie
15%
2020 TOWSZYSTKOBYŁODLACIEBIE
15%
2016 Voodoo
15%
2017 BDSM
12%
2018 Benevento
12%
2013 Blockbuster
12%
2013 Eden Hazard
12%
2013 Kostka Rubika
12%
2018 TLC
12%
2017 Ankh
9%
2017 Co jest ze mną
9%
2016 Kyrie eleison
9%
2017 Noc w noc
9%
2013 Open Bar
9%
2016 Paulo Coelho
9%
2016 Powszechny i śmiertelny
9%
2020 RUMPELSTILSKIN
9%
2016 Światłowstręt
9%
2016 Tarot
9%
2016 Vanilla sky
9%
2013 25 godzina
6%
2016 Ciuchy, kobiety...
6%
2016 Harry Angel
6%
2013 Hossa
6%
2013 Lara Croft
6%
2013 Miszmasz freestyle
6%
2020 Piję wódę i słucham Ich Troje
6%
2013 Polis
6%
2013 Rock'n'Roller 2
6%
2016 Carnival
3%
2015 Za długo już
3%
2016 Asceta
0%
2015 Czeszę umysł
0%
2018 Efekt Dopplera
0%
2015 Idą pomimo
0%
2015 Mój kawałek w czasie przeszłym
0%
2015 Muszę lecieć
0%
2015 Pusty materac
0%
2016 Tour of the Year
0%
Nie znaleziono quizów pasujących do podanych kryteriów
Rozkład punktacji
Procent ludzi z każdym wynikiem
Percentyl według liczby udzielonych odpowiedzi
Twoja historia wyników
Nie rozwiązałeś tego quizu